000 00593nam a2200205Ia 4500
003 GCL
008 140319s9999 xx 000 0 eng d
040 _aGCL /
_cGCL
082 0 4 _a616.951
_bD S
100 1 _aGOLDMEIER, DAVID
245 1 0 _aSEXUALLY TRANSMITTED DISEASES AND AIDS /
_cGOLDMEIER, DAVID
700 1 _aHILLMAN, RICHARD J
700 1 _aDANIELS, DAVID
700 1 _aBARTON, SIMAN E
260 _aانجلترا :
_bSPRINGER - VERLAG ،
_c1993
300 _a20 CM ؛
_c194 P
650 0 4 _aSEXUALLY TRANSMITTED DESEASES
650 0 4 _aEXAMINATIONS QUESTIONS
942 _2ddc
_cBK
999 _c11007
_d11007